| 000 | 00472nam a2200181Ia 4500 | ||
|---|---|---|---|
| 008 | 170705s9999 xx 000 0 und d | ||
| 020 | _a9780439667623 | ||
| 245 | _aTime for school / | ||
| 245 | _cNorman Bridwell and Gail Herman ; illustrated by Jim Durk. | ||
| 260 | _aNew York : | ||
| 260 | _bScholastic, | ||
| 260 | _c2004 | ||
| 300 | _aunpaged : | ||
| 300 | _bcolor illustration ; | ||
| 300 | _c23cm. | ||
| 440 | _aClifford the big red dog. | ||
| 500 | _a330 | ||
| 999 |
_c336884 _d336884 |
||